书目信息 |
| 题名: |
傻瓜式管理
|
|
| 作者: | 冯付凯 著 | |
| 分册: | ||
| 出版信息: | 北京 东方出版社 2006 |
|
| 页数: | 249 | |
| 开本: | 23cm | |
| 丛书名: | ||
| 单 册: | ||
| 中图分类: | F276.5 | |
| 科图分类: | ||
| 主题词: | 企业经济 | |
| 电子资源: | ||
| ISBN: | 7-5060-2594-9 | |
| 000 | 00573nam0 2200193 450 | |
| 001 | 0760515518 | |
| 005 | 20070817164835.51 | |
| 010 | @a7-5060-2594-9@d¥29.80 | |
| 100 | @a20070817d km y0chiy0120 ea | |
| 101 | 0 | @achi |
| 200 | 1 | @a傻瓜式管理@Asha gua shi guan li@e管理本来很简单@f冯付凯著@Ffeng fu kai zhu |
| 210 | @a北京@c东方出版社@d2006 | |
| 215 | @a249@d23cm | |
| 517 | 1 | @a管理本来很简单@Aguan li ben lai hen jian dan |
| 606 | 0 | @a企业经济 |
| 690 | @aF276.5@v3 | |
| 701 | 0 | @a冯付凯@Afeng fu kai@4著 |
| 801 | 0 | @aCN@bPFT@c20070817 |
| 905 | @a213230@dF276.5@eg200@f1 | |
| 傻瓜式管理:管理本来很简单/冯付凯著.-北京:东方出版社,2006 |
| 249;23cm |
| ISBN 7-5060-2594-9:¥29.80 |
| ● |
| 相关链接 |
|
|
|
|
正题名:傻瓜式管理
索取号:F276.5/g200
 
预约/预借
| 序号 | 登录号 | 条形码 | 馆藏地/架位号 | 状态 | 备注 |
| 1 | 6502637 | 265026376 | 密集书库-海洋学院/ [索取号:F276.5/g200] | 在馆 |